| 000 -CABECERA |
| Longitud fija campo de control |
00889nas a2200229 a 4500 |
| 003 - IDENTIFICADOR DEL NÚMERO DE CONTROL |
| Identificador del número de control |
OSt |
| 005 - FECHA Y HORA DE LA ÚLTIMA TRANSACCIÓN |
| Fecha y hora de la última transacción |
20231121102458.0 |
| 008 - CÓDIGOS DE INFORMACIÓN DE LONGITUD FIJA |
| Códigos de información de longitud fija |
140717c2014 spcar||oo 000 ||spa|d |
| 017 ## - NÚMERO DE COPYRIGHT O DE DEPÓSITO LEGAL |
| Número de copyright o de depósito legal |
DL B, 28268-2006 |
| 035 ## - NÚMERO DE CONTROL DEL SISTEMA |
| Número de control del sistema |
3093-35260 |
| 040 ## - FUENTE DE LA CATALOGACIÓN |
| Lengua de catalogación |
cat |
| Centro transcriptor |
CDMR |
| 245 00 - MENCIÓN DE TÍTULO |
| Título |
Informe Quiral |
| Resto del título |
: medicina, comunicación y sociedad |
| Medio |
[recurs electrònic] |
| 260 0# - PUBLICACIÓN, DISTRIBUCIÓN, ETC. (PIE DE IMPRENTA) |
| Lugar de publicación, distribución, etc. |
[Barcelona] |
| Nombre del editor, distribuidor, etc. |
Universitat Pompeu Fabra, Observatori de la Comunicació Científica: |
| -- |
Fundació privada Vila Casas |
| 310 ## - PERIODICIDAD ACTUAL |
| Periodicidad actual |
anual |
| 362 0# - FECHAS DE PUBLICACIÓN Y/O DESIGNACIÓN SECUENCIAL |
| Fecha de publicación y/o designación secuencial |
2000- |
| 650 04 - PUNTO DE ACCESO ADICIONAL DE MATERIA - TÉRMINO DE MATERIA |
| Término de materia o nombre geográfico como elemento inicial |
Periodisme científic |
| Subdivisión de materia general |
Informes |
| 9 (RLIN) |
2804 |
| 650 04 - PUNTO DE ACCESO ADICIONAL DE MATERIA - TÉRMINO DE MATERIA |
| Término de materia o nombre geográfico como elemento inicial |
Salut en els mitjans de comunicació de massa |
| Subdivisión de materia general |
Espanya |
| -- |
Revistes |
| 9 (RLIN) |
3821 |
| 710 2# - PUNTO DE ACCESO ADICIONAL - NOMBRE DE ENTIDAD |
| Nombre de entidad o nombre de jurisdicción como elemento inicial |
Fundació Vila Casas |
| 710 2# - PUNTO DE ACCESO ADICIONAL - NOMBRE DE ENTIDAD |
| 9 (RLIN) |
619 |
| Nombre de entidad o nombre de jurisdicción como elemento inicial |
Universitat Pompeu Fabra |
| Unidad subordinada |
Observatori de la Comunicació Científica |
| 856 ## - LOCALIZACIÓN Y ACCESO ELECTRÓNICO |
| Identificador Uniforme del Recurso (URI) |
<a href="https://www.fundaciovilacasas.com/es/informe-quiral">https://www.fundaciovilacasas.com/es/informe-quiral</a> |
| Nota pública |
Accés en línia |
| 942 ## - ENTRADA DE ELEMENTOS AGREGADOS (KOHA) |
| Koha [por defecto] tipo de item |
Recursos en línia |
| Fuente de clasificaión o esquema |
|